00603cam a2200181 a 450000100100000000500170001000800410002703500190006804000250008708200190011210000370013124500960016826000460026430000260031065000200033665000220035670000430037800000751420200929154209.0890214s1988 cu 000 e spa d a(DLC) 89113863 aDO-SdBNPcDLCdBNPHU aCu864.4bL686c1 aLezama Lima, José,d1910-1976.10aConfluencias :bselección de ensayos /cJosé Lezama Lima ; prólogo de Abel E. Prieto. aLa Habana, Cuba :bLetras Cubanas,c1988. axli, 429 p. ;c23 cm. 4aEnsayos cubanos 4aLiteratura cubana1 aPrieto, Abel Enrique,d1950-,epról.